Diavola (Record no. 4741)

MARC details
000 -CABECERA
campo de control de longitud fija 02044nam a22002177a 4500
008 - DATOS DE LONGITUD FIJA--INFORMACIÓN GENERAL
campo de control de longitud fija 250616b |||||||| |||| 00| 0 eng d
020 ## - NÚMERO INTERNACIONAL ESTÁNDAR DEL LIBRO
Número Internacional Estándar del Libro 9781835410028
040 ## - FUENTE DE LA CATALOGACIÓN
Centro/agencia transcriptor tbs
041 ## - CÓDIGO DE LENGUA
Código de lengua del texto/banda sonora o título independiente eng
100 ## - ENTRADA PRINCIPAL--NOMBRE DE PERSONA
Nombre de persona Thorne, Jennifer
Fechas asociadas al nombre 1980-
9 (RLIN) 25445
Término indicativo de función/relación author
245 ## - MENCIÓN DE TÍTULO
Título Diavola
Mención de responsabilidad, etc. / Jennifer Thorne.
260 ## - PUBLICACIÓN, DISTRIBUCIÓN, ETC.
Lugar de publicación, distribución, etc. London :
Nombre del editor, distribuidor, etc. Titan Books,
Fecha de publicación, distribución, etc. 2024.
300 ## - DESCRIPCIÓN FÍSICA
Extensión 325 pages :
Dimensiones 20 cm.
520 ## - SUMARIO, ETC.
Sumario, etc. White Lotus meets Hereditary in this uproarious and unsettling dissection of a dysfunctional family and their ghosts, both literal and metaphorical. Perfect for fans of Grady Hendrix and Ronald Malfi Anna only has one rule for the annual Pace family vacations: tread lightly, and survive. It isn't easy when she's the only who doesn't seem to fit in. Her twin brother Benny goes with the flow so much he's practically dissolved, and her high-strung older sister Nicole is so used to everyone-including her blandly docile husband and two young daughters-falling in line that Anna often ends up chastised for simply asking a question. Her Mom is baffled by Anna's life choices (why waste her artistic talent at an ad agency?), and her Dad-well, he just wants a little peace and quiet. The gorgeous villa outside a remote Tuscan town seems like the perfect place to endure so much family time-not to mention Benny's demanding new boyfriend, Christopher. If her family becomes too much to handle, then at least Anna can wander off to a wine tasting or lose herself in an art gallery. That is, until strange things start to happen-strange noises at night, food rotting within hours, dreams that feel more like memories. Then, the unsettling warnings from the locals: don't open the tower door. But Anna does open it. And what she releases threatens to devour her family-that is, if her family doesn't tear itself apart first.
650 #0 - PUNTO DE ACCESO ADICIONAL DE MATERIA--TÉRMINO DE MATERIA
Término de materia o nombre geográfico como elemento de entrada Families
Subdivisión de forma Fiction
9 (RLIN) 22172
650 #0 - PUNTO DE ACCESO ADICIONAL DE MATERIA--TÉRMINO DE MATERIA
Término de materia o nombre geográfico como elemento de entrada Vacations
Subdivisión de forma Fiction
9 (RLIN) 25446
650 #0 - PUNTO DE ACCESO ADICIONAL DE MATERIA--TÉRMINO DE MATERIA
Término de materia o nombre geográfico como elemento de entrada Haunted houses
Subdivisión de forma Fiction
9 (RLIN) 25447
650 #0 - PUNTO DE ACCESO ADICIONAL DE MATERIA--TÉRMINO DE MATERIA
Término de materia o nombre geográfico como elemento de entrada Interpersonal relations
Subdivisión de forma Fiction
9 (RLIN) 24021
655 #0 - TÉRMINO DE INDIZACIÓN--GÉNERO/FORMA
Datos o término principal de género/forma Paranormal fiction
9 (RLIN) 22925
942 ## - ELEMENTOS DE ENTRADA AGREGADA (KOHA)
Fuente del sistema de clasificación o colocación Clasificación de Library of Congress
Holdings
Estado de retiro Estado de pérdida Fuente del sistema de clasificación o colocación Estado dañado No para préstamo Biblioteca de origen Biblioteca actual Fecha de adquisición Total de préstamos Signatura topográfica completa Código de barras Fecha visto por última vez Número de copia Precio válido a partir de Tipo de ítem Koha
    Clasificación de Library of Congress     TBS Barcelona TBS Barcelona 16/06/2025   P-EN THO B05880 16/06/2025 1 16/06/2025 Book

Powered by Koha